000 00503nam a2200169Ia 4500
999 _c35375
_d35375
003 OSt
005 20201218115925.0
008 190216s9999||||xx |||||||||||||| ||und||
040 _coclc
082 _a894.812016
_bGOV/M
100 _aGovi, K M
_97259
245 0 _aMalayala Grantha Soochi /
_cK M Govi ; A K Panikker
260 _bKerala Sahithya Academy,
_c1979.
_aThrissur:
300 _a407p
650 _aMalayalam
942 _cREF
_2ddc
_h894.812016
_iGOV/M
_k894.812016
_mGOV/M